000 01072nam a2200313 i 4500
003 DO-SdBNP
005 20230517095337.0
006 a||||gr|||| 00| 0
007 ta
008 230510t2022 dr ||||grb||| 001 edspa d
020 _a9789945629200 ,
020 _a2811-499X (Colección) ,
020 _a28114892 (Serie)
040 _aDO-SdBNP
_bspa
_cBNPHU
_erda
082 4 _222
_bM274h
100 1 _923179
_aManera, Danilo
245 1 3 _aLos hermanos de la costa:
_bincursiones en la literatura dominicana. /
_cDanilo Manera.
264 3 0 _aSanto Domingo :
_bBanco Central de la República Dominicana,
_c2022
300 _a210 páginas ;
_c22 cm
336 _2rdaconten
_atexto
_btxt
337 _2rdamedia
_asin medición
_bn
338 _2rdacarrier
_avolumen
_bnc
490 _aArte y Literatura ;
_v111
500 _aIncluye datos biográficos del autor en las solapas de las cubiertas.
500 _aIncluye índice onomástico
590 _aInventariado 2023 / MF
830 _aBanco Central de la República Dominicana ;
_lspa
_983355
_n295
942 _2ddc
_cLBS1
999 _c53475
_d53475